000 00706nam a2200253Ia 4500
003 OSt
005 20220918183929.0
006 a|||||r|||| 00| 0
007 ta
008 220917b |||||||| |||| 00| 0 eng d
024 _a42,523
037 _cTextual
040 _aARTS
_cARTS
_beng
041 _2eng
_aeng
082 _aO152vN5, 111L8
100 _aHanda R L
_944983
245 0 _aHistory of Hindi language and literature
260 _aBombay
_bBharatiya Vidya Bhavan India
_c1978
300 _axxix,504p.
_ccm.
500 _aBib 483-88p; Includes index
650 _aHINDI LITERATURE
_923866
942 _hO152vN5, 111L8
_cTEXL
_2CC
999 _c174354
_d174354